000 00955nam a22003137a 4500
003 CHAP
005 20220329135701.0
008 971013s1993 r 00010 d
010 _a40537
011 _a41509
035 _a45635
040 _cCHAP
082 _a561
_bS8 1993
100 0 0 _aStewart, Wilson N.
_9109782
245 _aPaleobotany and the evolution of plants
250 _a2 ed.
260 _aCambridge :
_bCambridge University,
_c1993
300 _a521 p.
_b: ilus.
590 _aBATCH-UPD
_b10
_c20130110
_lUCH01
_h2038
590 _aBATCH-UPD
_b10
_c20130410
_lUCH01
_h1353
590 _aBATCH-UPD
_b10
_c20130914
_lUCH01
_h1336
590 _aCONVERSION
_b10
_c20130109
_lUCH01
_h1322
650 1 4 _aEvolución (Plantas)
_939010
650 1 4 _aPaleobotánica.
_984896
700 0 _aRothwell, Gar W.
_9100284
901 _aBK
942 _cLIBRO
949 _a561 S8 1993
_bBC
_cLIBRO
_d33724000001012
_eLIBRO
_gI.176212
_h88585
_i45635
_si
_t164.40
999 _c40537
_d40537